000 00730cam a2200253 4500
008 010921n2001 000 0 eng u
020 _a0754613747
035 _a(Sirsi) u114713
050 _a711.4094
100 _aAlbrechts, L.
_xEditor
245 4 _aThe changing institutional landscape of planning
260 _aAldershot
_bAshgate
_c2001
300 _axii,275p.
_c22cm.
350 _a37.50
490 _aUrban and Regional Planning and Development
650 _aCITY PLANNING
650 _aPLANNING POLICY
650 _aTOWN PLANNING
650 _aURBAN PLANNING
690 _aENVIRONMENTAL AND LAND CONSULTANCY-PLANNING AND DEVELOPMENT
700 _aAlden, J.
700 _ada Rosa Pires, A.
942 _n0
999 _c101641
_d101641